|
|
|
|
| LEADER |
01288nam a2200265 a 4500 |
| 001 |
15946247 |
| 008 |
121010s2010 njua 001 0 eng d |
| 010 |
|
|
|a 2009042604
|
| 020 |
|
|
|a 9780470553091
|
| 020 |
|
|
|a 9780470509487 (pbk. : alk. paper)
|
| 040 |
|
|
|a DLC
|c DLC
|d DLC
|d BD-DhAAL
|
| 082 |
0 |
0 |
|a 005.13/3
|2 22
|
| 100 |
1 |
|
|a Horstmann, Cay S.,
|d 1959-
|
| 245 |
1 |
0 |
|a Big Java /
|c Cay Horstmann.
|
| 250 |
|
|
|a 4th ed.
|
| 260 |
|
|
|a Hoboken, N.J. :
|b Wiley,
|c c2010.
|
| 300 |
|
|
|a xxxv, 1110 p. :
|b col. ill. ;
|c 26 cm.
|
| 500 |
|
|
|a Includes index.
|
| 541 |
1 |
|
|e 00026066
|
| 650 |
|
0 |
|a Java (Computer program language)
|
| 852 |
1 |
|
|a Ayesha Abed Library
|j General shelf
|
| 999 |
|
|
|c 12902
|d 12902
|
| 952 |
|
|
|0 0
|1 0
|4 0
|6 005_133000000000000_HOR
|7 0
|9 21291
|a BRACUL
|b BRACUL
|c GEN
|d 2012-10-10
|e Karim International
|g 4300.00
|l 27
|m 208
|o 005.133 HOR
|p 3010026066
|r 2025-02-05
|s 2025-01-22
|t 1
|w 2012-10-10
|y BK
|
| 952 |
|
|
|0 0
|1 0
|4 0
|6 005_133000000000000_HOR
|7 0
|9 21292
|a BRACUL
|b BRACUL
|c GEN
|d 2012-10-10
|e Karim International
|g 4300.00
|l 28
|m 254
|o 005.133 HOR
|p 3010026067
|r 2026-03-05
|s 2025-09-04
|t 2
|w 2012-10-10
|y BK
|
| 952 |
|
|
|0 0
|1 2
|2 ddc
|4 0
|6 005_133000000000000_HOR
|7 0
|9 21293
|a BRACUL
|b BRACUL
|c GEN
|d 2012-10-10
|e Karim International
|g 4300.00
|l 3
|m 34
|o 005.133 HOR
|p 3010026068
|q 2017-08-31
|r 2013-01-21
|s 2013-01-21
|t 3
|w 2012-10-10
|y BK
|